[Event "Voronezh op-B 22nd"]
[Site "Voronezh"]
[Date "2018.06.19"]
[Round "8"]
[White "Biskup, Stepan"]
[Black "Klevets, Ksenia"]
[Result "1/2-1/2"]
[WhiteElo "1529"]
[BlackElo "1844"]
[PlyCount "66"]
[EventDate "2018.06.12"]
[EventType "swiss"]
[EventRounds "9"]
[EventCountry "RUS"]
[SourceTitle "CBM 185 Extra"]
[Source "ChessBase"]
[SourceDate "2018.07.29"]
[SourceVersion "1"]
[SourceVersionDate "2018.07.29"]
[SourceQuality "1"]

1. d4 d5 2. Nf3 Nf6 3. g3 g6 4. Bg2 Bg7 5. 0-0 0-0 6. c4 c6 7. Nbd2 Nbd7 8. b3 a5 9. a3 b5 10. Bb2 Ba6 11. c5 Qc7 12. b4 a4 13. Qc2 Rad8 14. Rae1 Bc8 15. h3 h5 16. Ng5 Nh7 17. Nxh7 Kxh7 18. Nf3 Nf6 19. Ng5+ Kg8 20. f4 Bf5 21. Qd2 Ne4 22. Nxe4 Bxe4 23. e3 Qd7 24. Bxe4 dxe4 25. Qg2 Qd5 26. Qc2 e6 27. Kf2 f6 28. Ke2 Qf5 29. Rh1 g5 30. Ref1 Qd5 31. Rhg1 Kh7 32. Rf2 Kh6 33. h4 g4 1/2-1/2

[Event "Voronezh op-B 22nd"]
[Site "Voronezh"]
[Date "2018.06.16"]
[Round "5"]
[White "Pikalova, Sofya"]
[Black "Biskup, Stepan"]
[Result "0-1"]
[WhiteElo "1739"]
[BlackElo "1529"]
[PlyCount "110"]
[EventDate "2018.06.12"]
[EventType "swiss"]
[EventRounds "9"]
[EventCountry "RUS"]
[SourceTitle "CBM 185 Extra"]
[Source "ChessBase"]
[SourceDate "2018.07.29"]
[SourceVersion "1"]
[SourceVersionDate "2018.07.29"]
[SourceQuality "1"]

1. e4 c5 2. Nf3 e6 3. g3 Nc6 4. Bg2 Qc7 5. 0-0 Be7 6. d4 cxd4 7. Nxd4 a6 8. a4 d6 9. Be3 Nf6 10. Nc3 0-0 11. f4 Bd7 12. Qe2 Rfd8 13. f5 e5 14. Nxc6 Bxc6 15. a5 Qd7 16. Rad1 Rdc8 17. Qd2 Bb5 18. Rfe1 Rc6 19. Bg5 Rac8 20. Bxf6 Bxf6 21. Bf1 Bxf1 22. Rxf1 Bd8 23. Qd5 Qc7 24. Ra1 Rc5 25. Qd3 Rxa5 26. Rxa5 Qxa5 27. Qxd6 Qb6+ 28. Qxb6 Bxb6+ 29. Kg2 Bd4 30. Rd1 h6 31. Rd3 b5 32. Kf3 Bxc3 33. Rxc3 Rxc3+ 34. bxc3 Kf8 35. Ke3 Ke7 36. g4 f6 37. Kd2 Kd6 38. Kc1 Kc5 39. Kb2 Kc4 40. h3 a5 41. h4 a4 42. h5 a3+ 43. Ka2 Kxc3 44. Kxa3 Kxc2 45. Kb4 Kd3 46. Kxb5 Kxe4 47. Kc4 Kf4 48. Kd5 Kxg4 49. Ke6 Kg5 50. Kf7 e4 51. Kxg7 e3 52. Kf7 Kxf5 53. Kg7 Kg5 54. Kf7 e2 55. Kg7 e1Q 0-1

[Event "Prague Summer op-B 4th"]
[Site "Prague"]
[Date "2017.08.04"]
[Round "1"]
[White "Paseka, Christian"]
[Black "Biskup, Stepan"]
[Result "0-1"]
[WhiteElo "1766"]
[BlackElo "1384"]
[PlyCount "94"]
[EventDate "2017.08.04"]
[EventType "swiss"]
[EventRounds "9"]
[EventCountry "CZE"]
[SourceTitle "EXT 2019"]
[Source "ChessBase"]
[SourceDate "2018.10.10"]
[SourceVersion "1"]
[SourceVersionDate "2018.10.10"]
[SourceQuality "1"]

1. d4 Nf6 2. c4 g6 3. Nf3 Bg7 4. g3 d5 5. cxd5 Nxd5 6. Bg2 0-0 7. 0-0 c5 8. e4 Nb6 9. dxc5 Qxd1 10. Rxd1 Na4 11. e5 Nc6 12. Nc3 Nxc3 13. bxc3 Nxe5 14. Rb1 Bg4 15. Rxb7 Nxf3+ 16. Kh1 Rfd8 17. Rf1 Rd3 18. Be3 a5 19. h3 Nd2 20. Bxd2 Be2 21. c6 Bxf1 22. c7 Bxg2+ 23. Kxg2 Be5 24. Bf4 Bxc7 25. Rxc7 a4 26. Be5 f6 27. Bd4 Kf7 28. Bc5 Re8 29. Bb4 Rdd8 30. a3 Ke6 31. Ra7 Ra8 32. Rb7 Kd5 33. Rd7+ Kc6 34. Rd4 f5 35. h4 Rad8 36. Rc4+ Kb6 37. Kf3 e5 38. h5 g5 39. g4 e4+ 40. Kg3 f4+ 41. Kg2 Rd2 42. Kf1 e3 43. fxe3 fxe3 44. Bc5+ Kb5 45. Bxe3 Rd1+ 46. Ke2 Kxc4 47. Kxd1 Rxe3 0-1